[Event "26. Schweinfurt Open"]
[Site "Schweinfurt"]
[Date "2016.05.26"]
[Round "2.24"]
[White "Markwardt, Sven"]
[Black "Aigner, Patrick"]
[Result "1-0"]
[WhiteElo "1748"]
[BlackElo "1305"]
[PlyCount "49"]
[EventDate "2016.??.??"]
[WhiteTeam "SK Schweinfurt"]
[BlackTeam "Coburger SV"]

1. Nf3 e6 2. c4 Nf6 3. g3 c6 4. Bg2 d5 5. O-O Bd6 6. d4 Nbd7 7. Qc2 O-O 8. Nbd2
Qe7 9. e4 dxe4 10. Nxe4 Nxe4 11. Qxe4 Nf6 12. Qc2 Bd7 13. Re1 Rad8 14. Ne5 Kh8
15. Be3 h6 16. h3 g5 17. g4 Rg8 18. f4 Bxe5 19. fxe5 Nh7 20. d5 f5 21. gxf5
cxd5 22. f6 Nxf6 23. exf6 Qxf6 24. Rad1 Bc6 25. Bd4 1-0

[Event "26. Schweinfurt Open"]
[Site "Schweinfurt"]
[Date "2016.05.26"]
[Round "2.25"]
[White "Leichum, Engelbert"]
[Black "Glok, David"]
[Result "1-0"]
[WhiteElo "1708"]
[BlackElo "915"]
[PlyCount "53"]
[EventDate "2016.??.??"]
[WhiteTeam "(vls) Frankfurt"]
[BlackTeam "SK München Südost"]

1. e4 e5 2. Nf3 Nc6 3. Bb5 Bc5 4. Bxc6 dxc6 5. Nxe5 Nf6 6. Nc3 Qe7 7. d4 Bb4 8.
f3 Be6 9. Bd2 c5 10. d5 Bxc3 11. Bxc3 Bd7 12. O-O b5 13. Nd3 b4 14. Bxf6 gxf6
15. Re1 c4 16. Nf2 Qc5 17. Qe2 Rg8 18. Kh1 Rg6 19. Rad1 Rh6 20. f4 Qd6 21. e5
Qc5 22. Ne4 Qf8 23. Nxf6+ Ke7 24. d6+ cxd6 25. exd6+ Kxf6 26. Qe5+ Kg6 27. Qg5#
1-0

[Event "26. Schweinfurt Open"]
[Site "Schweinfurt"]
[Date "2016.05.26"]
[Round "2.26"]
[White "Chen, Jiwei"]
[Black "Tsiapouris, Alexander"]
[Result "0-1"]
[WhiteElo "908"]
[BlackElo "1693"]
[PlyCount "86"]
[EventDate "2016.??.??"]
[WhiteTeam "SK Schweinfurt"]
[BlackTeam "SC Tarrasch München"]

1. e4 e6 2. Nf3 d5 3. e5 c5 4. Nc3 Nc6 5. Bb5 Bd7 6. O-O a6 7. Bd3 Qc7 8. Re1
c4 9. Bf1 b5 10. b3 cxb3 11. axb3 Bc5 12. d3 Nge7 13. g3 O-O 14. Bg2 Ng6 15.
Na2 Nd4 16. Bb2 Nc6 17. d4 Bb6 18. c3 f6 19. exf6 Rxf6 20. Bc1 h6 21. Ba3 Na5
22. Bf1 Nb7 23. Bd3 Nd6 24. Bxg6 Rxg6 25. Ne5 Rf6 26. Qg4 Ne4 27. Rac1 Nxf2 28.
Qh5 Be8 29. Qe2 Qd8 30. Nd3 Nxd3 31. Qxd3 Bg6 32. Qe2 Be4 33. Rf1 Rxf1+ 34.
Rxf1 Qg5 35. Rf2 Bc7 36. Qf1 h5 37. Bc1 Qg6 38. Qd1 Bxg3 39. Re2 Bh4+ 40. Kf1
Qf5+ 41. Kg1 Qg4+ 42. Kf1 Qf3+ 43. Kg1 Qh1# 0-1

[Event "26. Schweinfurt Open"]
[Site "Schweinfurt"]
[Date "2016.05.26"]
[Round "2.27"]
[White "Lippianowski, Stefan"]
[Black "Hansen, Klaus Bjerre"]
[Result "0-1"]
[WhiteElo "1163"]
[BlackElo "1736"]
[PlyCount "32"]
[EventDate "2016.??.??"]
[WhiteTeam "SV Mattnetz Berlin"]
[BlackTeam "Skakforeningen Odysseus"]

1. e4 c5 2. Bc4 Nc6 3. Nf3 d6 4. d4 cxd4 5. Bb5 e5 6. Ng5 Qa5+ 7. Nc3 dxc3 8.
Qd5 cxb2+ 9. Bd2 bxa1=Q+ 10. Ke2 Qxb5+ 11. c4 Nf6 12. Qxf7+ Kd8 13. cxb5 Nd4+
14. Kd3 Qb2 15. Rc1 Qxb5+ 16. Ke3 Qe2# 0-1

[Event "26. Schweinfurt Open"]
[Site "Schweinfurt"]
[Date "2016.05.26"]
[Round "2.28"]
[White "Ornebjerg, Henrik"]
[Black "Scheifele, Jan"]
[Result "1-0"]
[WhiteElo "1666"]
[BlackElo "906"]
[PlyCount "85"]
[EventDate "2016.??.??"]
[WhiteTeam "Skakforeningen Odysseus"]
[BlackTeam "Aschaffenburg-Schweinheim"]

1. e4 e5 2. Nf3 Nc6 3. Bb5 Bd6 4. c3 a6 5. Ba4 Nf6 6. d3 O-O 7. Bg5 h6 8. Bh4
Re8 9. O-O b5 10. Bc2 Be7 11. d4 exd4 12. cxd4 Nb4 13. Nc3 Nxc2 14. Qxc2 Nh7
15. Bg3 Ng5 16. Ne5 Bf6 17. f4 Ne6 18. Rad1 Bh4 19. Qf2 Bxg3 20. Qxg3 Bb7 21.
b4 a5 22. a3 axb4 23. axb4 Ra3 24. Rf3 Ba6 25. d5 Nf8 26. f5 Nh7 27. h4 Qe7 28.
Ng4 Qxb4 29. Nxh6+ Kf8 30. Nxf7 Qc5+ 31. Kh1 Kxf7 32. Qg6+ Kg8 33. Qxe8+ Qf8
34. Qxd7 b4 35. Qe6+ Qf7 36. Nb1 Ra1 37. Rb3 Be2 38. Rc1 Kf8 39. Qc8+ Qe8 40.
Rxc7 Ba6 41. Qxe8+ Kxe8 42. Rxb4 Bd3 43. Rb8# 1-0

[Event "26. Schweinfurt Open"]
[Site "Schweinfurt"]
[Date "2016.05.26"]
[Round "2.29"]
[White "Klonov, Sofia"]
[Black "Engelbrecht, Klaus"]
[Result "0-1"]
[WhiteElo "866"]
[BlackElo "1646"]
[PlyCount "52"]
[EventDate "2016.??.??"]
[WhiteTeam "SK München Südost"]
[BlackTeam "SK Bad Neustadt"]

1. e4 Nc6 2. Nf3 d6 3. d4 e5 4. Nc3 Bg4 5. Bb5 Bd7 6. Bg5 Be7 7. O-O Nxd4 8.
Nxd4 Bxg5 9. Bxd7+ Qxd7 10. Nd5 exd4 11. Qxd4 Bf6 12. Nxf6+ Nxf6 13. e5 dxe5
14. Qxe5+ Qe7 15. Rfe1 Qxe5 16. Rxe5+ Kf8 17. c4 Rd8 18. b4 g6 19. a4 Kg7 20.
c5 Nd7 21. Ree1 f6 22. Rac1 Ne5 23. b5 Nd3 24. Re7+ Kf8 25. Rxc7 Nxc1 26. Rxb7
Rd1# 0-1

[Event "26. Schweinfurt Open"]
[Site "Schweinfurt"]
[Date "2016.05.27"]
[Round "3.1"]
[White "Seidens, Udo"]
[Black "Poulsen, Klaus E"]
[Result "0-1"]
[WhiteElo "2245"]
[BlackElo "2068"]
[PlyCount "140"]
[EventDate "2016.??.??"]
[WhiteTeam "SK Schweinfurt"]
[BlackTeam "Skakforeningen Odysseus"]

1. c4 Nf6 2. g3 d5 3. Bg2 c6 4. Nf3 dxc4 5. a4 g6 6. Qc2 Bg7 7. O-O O-O 8. Qxc4
a5 9. d3 Na6 10. Qh4 Re8 11. Bh6 Bh8 12. h3 Qb6 13. Nbd2 Be6 14. Ng5 Nc7 15.
Nc4 Bxc4 16. Qxc4 e6 17. Ra3 Ncd5 18. Rb3 Nb4 19. Rc1 Rad8 20. Nf3 Nd7 21. Bg5
Rc8 22. Bd2 c5 23. Bc3 Qd6 24. Bxh8 Kxh8 25. Ng5 Qe7 26. Qf4 f6 27. Ne4 e5 28.
Qh6 Nf8 29. h4 Ne6 30. e3 Red8 31. h5 Qg7 32. Qxg7+ Kxg7 33. h6+ Kf7 34. Bf1 f5
35. Nd2 e4 36. Nc4 exd3 37. Ne5+ Kf6 38. Nxd3 c4 39. Rxb4 axb4 40. Nxb4 Rd2 41.
Bxc4 Ng5 42. f4 Ne4 43. b3 Nd6 44. a5 Nxc4 45. bxc4 g5 46. c5 gxf4 47. exf4 Rd4
48. Rb1 Rxc5 49. a6 bxa6 50. Nxa6 Rc6 51. Nb4 Rcd6 52. Kf2 Kg6 53. Rb3 Kxh6 54.
Kf1 Rd1+ 55. Ke2 R6d2+ 56. Kf3 Rf1+ 57. Ke3 Rg2 58. Kd4 Kh5 59. Nd5 Rd2+ 60.
Ke5 Re1+ 61. Ne3 Rde2 62. Kd4 Rxe3 63. Rxe3 Rxe3 64. Kxe3 Kg4 65. Kf2 Kh3 66.
Kf3 h5 67. Kf2 Kh2 68. Kf3 Kg1 69. g4 hxg4+ 70. Kg3 Kf1 0-1

[Event "26. Schweinfurt Open"]
[Site "Schweinfurt"]
[Date "2016.05.27"]
[Round "3.2"]
[White "Ciolek, Andreas"]
[Black "Großhans, Ralf-Michael"]
[Result "1-0"]
[WhiteElo "2102"]
[BlackElo "2192"]
[PlyCount "61"]
[EventDate "2016.??.??"]
[WhiteTeam "SK Singen"]
[BlackTeam "SK Weidhausen"]

1. e4 Nf6 2. e5 Nd5 3. d4 d6 4. Nf3 Bg4 5. Be2 c6 6. O-O Bxf3 7. Bxf3 dxe5 8.
dxe5 e6 9. Re1 Nd7 10. Qe2 Qc7 11. g3 h6 12. Nd2 O-O-O 13. a3 g6 14. Bg2 g5 15.
b4 N7b6 16. c4 Ne7 17. c5 Rxd2 18. Bxd2 Nbd5 19. b5 Ng6 20. b6 axb6 21. cxb6
Qxb6 22. Bxd5 exd5 23. e6 Qc7 24. Bc3 Rh7 25. Qg4 Kb8 26. Qf5 Bd6 27. Bf6 Qc8
28. Qd3 Qe8 29. e7 h5 30. Rab1 Kc7 31. Qd4 1-0

[Event "26. Schweinfurt Open"]
[Site "Schweinfurt"]
[Date "2016.05.27"]
[Round "3.3"]
[White "Ziegler, Michael"]
[Black "Boß, Rolf"]
[Result "1-0"]
[WhiteElo "2178"]
[BlackElo "2015"]
[PlyCount "79"]
[EventDate "2016.??.??"]
[WhiteTeam "SC Prichsenstadt"]
[BlackTeam "(vls) Hof"]

1. d4 f5 2. g3 Nf6 3. Bg2 g6 4. Nf3 Bg7 5. O-O O-O 6. c4 d6 7. Nc3 c6 8. Rb1 a5
9. a3 Ne4 10. Qc2 Nxc3 11. Qxc3 e5 12. dxe5 dxe5 13. e4 f4 14. b4 axb4 15. axb4
g5 16. Bb2 g4 17. Rfd1 Qf6 18. Nxe5 f3 19. Bf1 Ra2 20. c5 Rxb2 21. Qxb2 Qxe5
22. Bc4+ Kh8 23. Qxe5 Bxe5 24. Rd3 Na6 25. Kf1 Kg7 26. Ke1 h5 27. Kd2 h4 28.
Ke3 Nc7 29. Rbd1 hxg3 30. hxg3 Ne6 31. Rh1 Ng5 32. Rhd1 Bc7 33. Rd7+ Bxd7 34.
Rxd7+ Kf6 35. Rxc7 Re8 36. Bd3 Re7 37. Rxe7 Kxe7 38. Bf1 Ne6 39. Bc4 Ng5 40.
Kf4 1-0

[Event "26. Schweinfurt Open"]
[Site "Schweinfurt"]
[Date "2016.05.27"]
[Round "3.4"]
[White "Pototzky, Daniel"]
[Black "Neubauer, Jaro"]
[Result "1/2-1/2"]
[WhiteElo "2137"]
[BlackElo "1986"]
[PlyCount "58"]
[EventDate "2016.??.??"]
[WhiteTeam "SC Prichsenstadt"]
[BlackTeam "SK Schweinfurt"]

1. e4 e5 2. Nf3 Nc6 3. Bb5 a6 4. Bxc6 dxc6 5. O-O f6 6. d4 Bd6 7. dxe5 fxe5 8.
Nxe5 Qf6 9. Nd3 Qg6 10. e5 Be7 11. Nc3 Nh6 12. Bf4 Bf5 13. Qe2 O-O-O 14. Rad1
Qf7 15. Bg3 g5 16. Rfe1 Be6 17. b3 Nf5 18. Ne4 h5 19. f3 Nxg3 20. Nxg3 g4 21.
f4 h4 22. Ne4 Kb8 23. Qe3 g3 24. h3 Bf5 25. a4 Qg6 26. Rd2 Rhg8 27. Rde2 Rd5
28. Nc3 Rdd8 29. Ne4 Rd5 1/2-1/2

[Event "26. Schweinfurt Open"]
[Site "Schweinfurt"]
[Date "2016.05.27"]
[Round "3.5"]
[White "Diller, Peter"]
[Black "Kuhn, Norbert"]
[Result "1-0"]
[WhiteElo "1990"]
[BlackElo "2119"]
[PlyCount "75"]
[EventDate "2016.??.??"]
[WhiteTeam "SK Rothenburg"]
[BlackTeam "SV Würzburg"]

1. e4 e6 2. f4 d5 3. e5 Nh6 4. Nf3 Be7 5. c3 O-O 6. Bd3 Nd7 7. Bc2 b6 8. O-O
Ba6 9. Re1 c5 10. d4 Rc8 11. Be3 Qc7 12. Nbd2 cxd4 13. Bxd4 Nc5 14. Nf1 Nf5 15.
Rc1 Ne4 16. N3d2 Rfd8 17. Ne3 g6 18. a3 Bh4 19. g3 Be7 20. Nf3 h6 21. Kg2 Qc6
22. Ba4 Bb5 23. Bc2 Qe8 24. Ng4 Qc6 25. Nf6+ Nxf6 26. exf6 Bd6 27. Ne5 Bxe5 28.
fxe5 Nxd4 29. cxd4 Qe8 30. Qd2 Kh7 31. h4 Ba4 32. b3 Bb5 33. h5 Rd7 34. hxg6+
fxg6 35. Rh1 Qf8 36. Bxg6+ Kxg6 37. Rxc8 Qxc8 38. Qxh6+ 1-0

[Event "26. Schweinfurt Open"]
[Site "Schweinfurt"]
[Date "2016.05.27"]
[Round "3.6"]
[White "FM Golda, Harald"]
[Black "Froitzheim, Ralf"]
[Result "1/2-1/2"]
[WhiteElo "2316"]
[BlackElo "1873"]
[PlyCount "52"]
[EventDate "2016.??.??"]
[WhiteTeam "SK Schweinfurt"]
[BlackTeam "SG Niederkassel"]

1. d4 Nf6 2. Nf3 d5 3. c4 g6 4. Nc3 Bg7 5. cxd5 Nxd5 6. g3 O-O 7. Bg2 Nxc3 8.
bxc3 c5 9. O-O cxd4 10. cxd4 Nc6 11. e3 Rb8 12. Bb2 Be6 13. Qe2 b5 14. Nd2 Na5
15. Rfc1 Nc4 16. Nxc4 Bxc4 17. Qd2 Qd6 18. a4 a6 19. axb5 Bxb5 20. Ba3 Qd7 21.
Rc5 Rfc8 22. Rac1 e6 23. Qc3 Rxc5 24. Qxc5 Bf8 25. Qc3 Bxa3 26. Qxa3 Rc8
1/2-1/2

[Event "26. Schweinfurt Open"]
[Site "Schweinfurt"]
[Date "2016.05.27"]
[Round "3.7"]
[White "Maar, Samuel"]
[Black "Becker, Matthias"]
[Result "0-1"]
[WhiteElo "1910"]
[BlackElo "2266"]
[PlyCount "56"]
[EventDate "2016.??.??"]
[WhiteTeam "SC Kaufungen"]
[BlackTeam "BG Buchen"]

1. e4 e5 2. Nf3 Nc6 3. Bc4 Bc5 4. O-O d6 5. c3 Nf6 6. d4 Bb6 7. Be3 O-O 8. Nbd2
Bg4 9. Qc2 exd4 10. cxd4 d5 11. exd5 Nb4 12. Qb3 Nbxd5 13. Bg5 Qd6 14. Ne5 Bh5
15. Ndf3 c6 16. h3 Ne4 17. Bc1 Bxd4 18. Nxf7 Bxf2+ 19. Rxf2 Rxf7 20. Bd2 Nxf2
21. Kxf2 Bxf3 22. Kg1 Qg3 23. Bf1 Re8 24. Be1 Rxe1 25. Rxe1 Qxe1 26. gxf3 Ne3
27. Qd3 Qg3+ 28. Kh1 Qxf3+ 0-1

[Event "26. Schweinfurt Open"]
[Site "Schweinfurt"]
[Date "2016.05.27"]
[Round "3.8"]
[White "Wiener, Horst"]
[Black "Amtmann, Florian"]
[Result "1/2-1/2"]
[WhiteElo "1927"]
[BlackElo "2170"]
[PlyCount "88"]
[EventDate "2016.??.??"]
[WhiteTeam "SK Schweinfurt"]
[BlackTeam "Spvgg Stetten"]

1. d4 Nf6 2. Nf3 c5 3. d5 b5 4. b3 g6 5. Bb2 Bg7 6. e4 Bb7 7. c4 O-O 8. Nbd2 e6
9. Be2 exd5 10. exd5 d6 11. O-O b4 12. Re1 Re8 13. Qc2 Nbd7 14. Bf1 Qa5 15.
Rxe8+ Rxe8 16. a3 bxa3 17. Rxa3 Qb6 18. Bc3 Bc8 19. g3 Nb8 20. Qb2 Nh5 21. Bxg7
Nxg7 22. Qa1 a6 23. Bd3 f5 24. Ng5 Nd7 25. f4 Qd8 26. Nf1 Nf6 27. Qb2 h6 28.
Nf3 Ne4 29. Ra1 Nh5 30. N1d2 Nhf6 31. Re1 Kf7 32. Kg2 Re7 33. Re2 Qg8 34. Qc2
Qe8 35. Nf1 Bd7 36. Qa2 Qc8 37. Qc2 Qb7 38. N1d2 Nxd2 39. Rxe7+ Kxe7 40. Nxd2
Qb4 41. h3 a5 42. Nf3 a4 43. bxa4 Bxa4 44. Qe2+ Kd8 1/2-1/2

[Event "26. Schweinfurt Open"]
[Site "Schweinfurt"]
[Date "2016.05.27"]
[Round "3.9"]
[White "Gould, Charles"]
[Black "Meyer, Thorlejf"]
[Result "1-0"]
[WhiteElo "1974"]
[BlackElo "1839"]
[PlyCount "91"]
[EventDate "2016.??.??"]
[WhiteTeam "SV Würzburg"]
[BlackTeam "Skakforeningen Odysseus"]

1. f4 d5 2. b3 c5 3. e3 Nc6 4. Bb5 Nf6 5. Nf3 e6 6. Bxc6+ bxc6 7. Bb2 Be7 8.
O-O h6 9. Qe1 Ba6 10. d3 c4 11. Ne5 cxd3 12. cxd3 Rc8 13. Qg3 Rg8 14. Nd2 Nd7
15. Ndf3 Bf6 16. f5 exf5 17. Rac1 c5 18. Qf4 g6 19. Qa4 Bxe5 20. Nxe5 Bb7 21.
Qxa7 Nxe5 22. Bxe5 Qe7 23. Bg3 Kf8 24. Rfe1 Kg7 25. Rc2 c4 26. bxc4 dxc4 27.
Qd4+ Kh7 28. Rxc4 Rxc4 29. Qxc4 Rc8 30. Qb3 Qd7 31. e4 fxe4 32. dxe4 Kg8 33.
Rd1 Qc6 34. Rf1 Qd7 35. Re1 h5 36. Be5 Ba8 37. Ba1 Rf8 38. Qc3 f6 39. e5 Qd5
40. Qg3 Kh7 41. exf6 Qxa2 42. Qg5 Be4 43. Bc3 Qd5 44. Qg3 Rc8 45. Qe3 Qc5 46.
Bd4 1-0

[Event "26. Schweinfurt Open"]
[Site "Schweinfurt"]
[Date "2016.05.27"]
[Round "3.10"]
[White "Kilian, Markus"]
[Black "Drewes, Thomas"]
[Result "1-0"]
[WhiteElo "1954"]
[BlackElo "1844"]
[PlyCount "69"]
[EventDate "2016.??.??"]
[WhiteTeam "SV Würzburg"]
[BlackTeam "SV Würzburg"]

1. d4 d5 2. c4 c6 3. Nf3 Nf6 4. Nc3 dxc4 5. a4 Bf5 6. Ne5 Nbd7 7. Nxc4 e6 8. f3
a5 9. e4 Bg6 10. Be2 Bb4 11. O-O O-O 12. Bg5 h6 13. Bh4 Be7 14. Rc1 Ne8 15. Bg3
Bh4 16. Bxh4 Qxh4 17. Qb3 Ra7 18. Rfd1 Qe7 19. d5 exd5 20. exd5 cxd5 21. Nxd5
Qxe2 22. Nf4 Qe7 23. Nxg6 fxg6 24. Nd6+ Kh7 25. Nc8 Qg5 26. Nxa7 Nc5 27. Qc2
Qe3+ 28. Qf2 Qxf2+ 29. Kxf2 Nxa4 30. Rc8 Rg8 31. b3 Nb6 32. Rb8 Nf6 33. Rxb7
Nbd5 34. Nc6 Ra8 35. Ra1 1-0

[Event "26. Schweinfurt Open"]
[Site "Schweinfurt"]
[Date "2016.05.27"]
[Round "3.11"]
[White "Engesser, Jonas"]
[Black "Beyersdorf, Gunter"]
[Result "1-0"]
[WhiteElo "2060"]
[BlackElo "1797"]
[PlyCount "49"]
[EventDate "2016.??.??"]
[WhiteTeam "SK Engen"]
[BlackTeam "SC Bad Königshofen"]

1. e4 c5 2. Nf3 Nc6 3. Bb5 a6 4. Bxc6 bxc6 5. O-O Qc7 6. e5 e6 7. d4 cxd4 8.
Qxd4 Ne7 9. Nc3 Nf5 10. Qe4 Rb8 11. Re1 Rb4 12. Qd3 Be7 13. b3 O-O 14. a3 Rg4
15. h3 Rg6 16. Ne4 f6 17. Bf4 Qd8 18. Kh1 d5 19. exd6 Nxd6 20. Bxd6 f5 21. Bxe7
Qxe7 22. Nd6 Bd7 23. Rad1 Be8 24. Nxe8 Qxe8 25. Qd7 1-0

[Event "26. Schweinfurt Open"]
[Site "Schweinfurt"]
[Date "2016.05.27"]
[Round "3.12"]
[White "Völker, Joachim"]
[Black "Helm, Timo"]
[Result "0-1"]
[WhiteElo "1777"]
[BlackElo "1969"]
[PlyCount "50"]
[EventDate "2016.??.??"]
[WhiteTeam "SK Schweinfurt"]
[BlackTeam "SC Bad Königshofen"]

1. d4 e6 2. c4 f5 3. Nc3 Nf6 4. Nf3 Bb4 5. Bd2 b6 6. a3 Bxc3 7. Bxc3 Bb7 8. e3
O-O 9. Nd2 Ng4 10. Qe2 Na6 11. Nf3 Qe7 12. h3 Nf6 13. Nd2 d6 14. Rg1 e5 15. f4
Rfe8 16. fxe5 dxe5 17. dxe5 Ne4 18. Nxe4 Bxe4 19. b4 Rad8 20. Rd1 Qg5 21. Qf2
c5 22. Be2 cxb4 23. axb4 Qe7 24. b5 Nc5 25. Qg3 Rxd1+ 0-1

[Event "26. Schweinfurt Open"]
[Site "Schweinfurt"]
[Date "2016.05.27"]
[Round "3.13"]
[White "Ley, Reinhard"]
[Black "Krenz, Dieter"]
[Result "0-1"]
[WhiteElo "1759"]
[BlackElo "1934"]
[PlyCount "76"]
[EventDate "2016.??.??"]
[WhiteTeam "SV Siershahn"]
[BlackTeam "SC Prichsenstadt"]

1. d4 d5 2. Nf3 Nf6 3. e3 Bf5 4. c4 e6 5. Nc3 c6 6. cxd5 exd5 7. Bd3 Bxd3 8.
Qxd3 Bd6 9. e4 dxe4 10. Nxe4 Qe7 11. Nfd2 O-O 12. O-O Bc7 13. Nxf6+ Qxf6 14.
Nf3 Na6 15. a3 h6 16. Be3 Rad8 17. Qb3 Bb6 18. Rfd1 Rd5 19. Qc2 Rfd8 20. b4 Nc7
21. Rd3 Ne6 22. Rad1 Nxd4 23. Bxd4 Bxd4 24. Nxd4 Rxd4 25. Rxd4 Rxd4 26. Rxd4
Qxd4 27. Qc1 b6 28. Kf1 c5 29. bxc5 Qxc5 30. Qb2 a6 31. Ke2 Kf8 32. f3 f6 33.
Kd3 Ke7 34. a4 Kd6 35. Qa1 Qf5+ 36. Kc4 b5+ 37. Kb3 bxa4+ 38. Kc4 Qb5+ 0-1

[Event "26. Schweinfurt Open"]
[Site "Schweinfurt"]
[Date "2016.05.27"]
[Round "3.14"]
[White "Langguth, Rolf"]
[Black "Millgramm, Stephan"]
[Result "1-0"]
[WhiteElo "1921"]
[BlackElo "1774"]
[PlyCount "105"]
[EventDate "2016.??.??"]
[WhiteTeam "SK Schweinfurt"]
[BlackTeam "Flensburger SK"]

1. d4 Nf6 2. Nf3 e6 3. Bf4 d5 4. e3 c5 5. c3 Bd6 6. Ne5 O-O 7. Nd2 Bxe5 8. Bxe5
cxd4 9. exd4 Nc6 10. Bd3 Nxe5 11. dxe5 Nd7 12. O-O Nxe5 13. Bxh7+ Kxh7 14. Qh5+
Kg8 15. Qxe5 f6 16. Qe3 Qb6 17. Qxb6 axb6 18. a3 b5 19. Nb3 b6 20. Rae1 Bd7 21.
f4 Kf7 22. Nd4 Rae8 23. Rf2 g6 24. Rfe2 Re7 25. h3 Rfe8 26. g4 e5 27. fxe5 fxe5
28. Nf3 e4 29. Nd4 Kf6 30. Rf2+ Ke5 31. Kg2 Rg8 32. g5 Rh8 33. Rf6 Bxh3+ 34.
Kg3 Be6 35. Nc6+ Kd6 36. Nxe7 Kxe7 37. Rxg6 Rh3+ 38. Kg2 Rd3 39. Rf6 Bg4 40.
Rf2 Bf3+ 41. Kg3 Ke6 42. Kf4 Bh5 43. Re3 Rd1 44. Rh3 Bf3 45. Rh6+ Kf7 46. Rxb6
Rg1 47. g6+ Kg7 48. Rxb5 Kxg6 49. Rxd5 Rg4+ 50. Ke3 Rg3 51. Re5 Rg1 52. Rxe4
Bxe4 53. Kxe4 1-0

[Event "26. Schweinfurt Open"]
[Site "Schweinfurt"]
[Date "2016.05.27"]
[Round "3.15"]
[White "Hansen, Klaus Bjerre"]
[Black "Tsiapouris, Michael"]
[Result "0-1"]
[WhiteElo "1736"]
[BlackElo "1911"]
[PlyCount "50"]
[EventDate "2016.??.??"]
[WhiteTeam "Skakforeningen Odysseus"]
[BlackTeam "SC Tarrasch München"]

1. e4 e6 2. d4 d5 3. Nc3 Nf6 4. e5 Nfd7 5. Nf3 c5 6. Be3 Nc6 7. Be2 cxd4 8.
Bxd4 Nxd4 9. Qxd4 Bc5 10. Qd2 O-O 11. O-O Be7 12. a3 Nb8 13. Bd3 Nc6 14. Ne2 f6
15. exf6 Bxf6 16. c3 e5 17. Bc2 e4 18. Nfd4 Nxd4 19. Nxd4 Be5 20. Ne2 Qd6 21.
g3 Bh3 22. Rfd1 Rad8 23. Qe3 Rf3 24. Qxa7 Qf6 25. Rd2 e3 0-1

[Event "26. Schweinfurt Open"]
[Site "Schweinfurt"]
[Date "2016.05.27"]
[Round "3.16"]
[White "Tsiapouris, Alexander"]
[Black "Schmidt, Markus"]
[Result "0-1"]
[WhiteElo "1693"]
[BlackElo "1901"]
[PlyCount "76"]
[EventDate "2016.??.??"]
[WhiteTeam "SC Tarrasch München"]
[BlackTeam "Stuttgarter SF"]

1. d4 Nf6 2. c4 g6 3. Nc3 Bg7 4. Bg5 h6 5. Bh4 g5 6. Bg3 Nh5 7. e3 Nxg3 8. hxg3
d6 9. Be2 c6 10. Bh5 Nd7 11. f4 Nf6 12. Bf3 g4 13. Be4 Nxe4 14. Nxe4 Bf5 15.
Nf2 h5 16. Qd2 Qb6 17. Ne2 Rh6 18. Rc1 c5 19. b3 Rd8 20. d5 e6 21. e4 Bg6 22.
O-O f5 23. exf5 Bxf5 24. Rce1 Kd7 25. Nc3 Qb4 26. dxe6+ Bxe6 27. Nfd1 Bd4+ 28.
Kh2 Rh7 29. Re2 h4 30. Ree1 h3 31. gxh3 Rxh3+ 32. Kg2 Rdh8 33. Rh1 Qa5 34. Ref1
Qd8 35. Re1 Rh2+ 36. Rxh2 Rxh2+ 37. Kxh2 Qh8+ 38. Kg2 Qh3# 0-1

[Event "26. Schweinfurt Open"]
[Site "Schweinfurt"]
[Date "2016.05.27"]
[Round "3.19"]
[White "Petersen, Steffen"]
[Black "Ornebjerg, Henrik"]
[Result "1-0"]
[WhiteElo "1867"]
[BlackElo "1666"]
[PlyCount "153"]
[EventDate "2016.??.??"]
[WhiteTeam "Skakforeningen Odysseus"]
[BlackTeam "Skakforeningen Odysseus"]

1. e4 c5 2. Nf3 d6 3. Be2 Nc6 4. O-O Nf6 5. d3 e6 6. c3 Be7 7. Be3 O-O 8. Na3
a6 9. h3 b5 10. Nc2 Bb7 11. Nd2 Rc8 12. f3 Nh5 13. Bf2 Nf4 14. Re1 Bh4 15. Bf1
Ne5 16. g3 Qg5 17. Kh2 Nfxd3 18. gxh4 Qxd2 19. Qxd2 Nxf3+ 20. Kg2 Ndxe1+ 21.
Qxe1 Nxe1+ 22. Nxe1 Bxe4+ 23. Kh2 f5 24. Be2 Rf6 25. Rd1 d5 26. Nd3 Rg6 27. Nf4
Rf6 28. Bg3 g6 29. Nd3 Bxd3 30. Rxd3 f4 31. Bf2 h5 32. Bf3 Rf5 33. Rd2 Re5 34.
Kg2 Kf7 35. a3 Ke7 36. b4 cxb4 37. axb4 Rf5 38. Bc5+ Kd7 39. Be2 Rg8 40. Kf2
Kc6 41. Bf3 Rd8 42. Ra2 Kb7 43. Rd2 Kc6 44. Ra2 Ra8 45. Be7 Kd7 46. Bc5 Kc6 47.
Be7 Ra7 48. Bc5 Ra8 49. Be7 Rf7 50. Bg5 e5 51. Re2 Rf5 52. Be7 a5 53. bxa5 Rxa5
54. Bb4 Ra1 55. Bg2 Rb1 56. Rd2 e4 57. Ra2 Kb7 58. Ra5 Kb6 59. Ra2 f3 60. Bf1
d4 61. Ba5+ Kc5 62. cxd4+ Kxd4 63. Bb6+ Kc3 64. Ra3+ Kb4 65. Re3 Re5 66. Bd4
Re6 67. Bc3+ Ka4 68. Bd3 exd3 69. Rxe6 Kb3 70. Bd2 Kc2 71. Ke3 f2 72. Rc6+ Kd1
73. Rf6 b4 74. Rxf2 Rb3 75. Rf4 Kc2 76. Rc4+ Kd1 77. Rc1# 1-0

[Event "26. Schweinfurt Open"]
[Site "Schweinfurt"]
[Date "2016.05.27"]
[Round "3.20"]
[White "Engelbrecht, Klaus"]
[Black "Eichenauer, Pascal"]
[Result "0-1"]
[WhiteElo "1646"]
[BlackElo "1857"]
[PlyCount "70"]
[EventDate "2016.??.??"]
[WhiteTeam "SK Bad Neustadt"]
[BlackTeam "SV Würzburg"]

1. e4 d6 2. c3 Nf6 3. d3 g6 4. Nf3 Bg7 5. Be3 O-O 6. Nbd2 c5 7. d4 cxd4 8. cxd4
Nc6 9. h3 Qa5 10. Be2 Nxe4 11. O-O Nxd2 12. Bxd2 Qd5 13. Bc3 e5 14. b3 Nxd4 15.
Nxd4 exd4 16. Bc4 Qc5 17. Bd2 Be6 18. Rc1 Qb6 19. Bd3 a5 20. f4 f5 21. g4 a4
22. Bc4 Bxc4 23. Rxc4 axb3 24. Rb4 Qa6 25. Qxb3+ Kh8 26. Rxb7 Qxa2 27. Qd1 Ra3
28. Kh2 Rd3 29. Rf2 fxg4 30. hxg4 Bh6 31. g5 Bxg5 32. Rb8 Bxf4+ 33. Rxf4 Qxd2+
34. Qxd2 Rxd2+ 35. Kg3 Rxb8 0-1

[Event "26. Schweinfurt Open"]
[Site "Schweinfurt"]
[Date "2016.05.27"]
[Round "3.21"]
[White "Brodt, Andreas"]
[Black "Wenkheimer, Rolf"]
[Result "1-0"]
[WhiteElo "1853"]
[BlackElo "1637"]
[PlyCount "133"]
[EventDate "2016.??.??"]
[WhiteTeam "SK Schweinfurt"]
[BlackTeam "SC Kitzingen"]

1. d4 d5 2. Nf3 Nf6 3. Nc3 e6 4. Bg5 Be7 5. h3 c5 6. e3 cxd4 7. exd4 O-O 8. a3
a6 9. Bd3 h6 10. Bh4 Nc6 11. Qd2 b5 12. O-O Nh7 13. Bxe7 Nxe7 14. Ne5 Nf5 15.
g4 Nh4 16. Bxh7+ Kxh7 17. f4 f6 18. Qd3+ g6 19. Nf3 f5 20. Nh2 g5 21. Ne2 Ra7
22. Kh1 Raf7 23. Rf2 Kg7 24. Raf1 Qc7 25. Nf3 Nxf3 26. Rxf3 fxg4 27. hxg4 Qc4
28. fxg5 Rxf3 29. gxh6+ Kxh6 30. Rxf3 Qxd3 31. Rxd3 e5 32. g5+ Kxg5 33. dxe5
Re8 34. Nd4 Kf4 35. Ne2+ Kf5 36. Ng3+ Kf4 37. Nh5+ Kg5 38. Ng3 Rxe5 39. Kg2 Bb7
40. Kf2 Re7 41. Rd4 Rc7 42. c3 Rc4 43. Ke3 a5 44. Ne2 Bc6 45. b3 Rc5 46. Kd2
Kf5 47. Nc1 Bb7 48. Rf4+ Ke6 49. Nd3 Rc8 50. b4 axb4 51. axb4 Bc6 52. Rh4 Kf6
53. Rh6+ Kf5 54. Nc5 Be8 55. Kd3 Ke5 56. Re6+ Kf5 57. Re7 Kf6 58. Re3 Bf7 59.
Kd4 Rc7 60. Re5 Bg8 61. Re8 Bf7 62. Rb8 Ra7 63. Rxb5 Ra1 64. Rb6+ Ke7 65. Rb7+
Kf6 66. Rxf7+ Kxf7 67. Kxd5 1-0

[Event "26. Schweinfurt Open"]
[Site "Schweinfurt"]
[Date "2016.05.27"]
[Round "3.22"]
[White "Müller, Gerhard"]
[Black "Grünewald, Elmar"]
[Result "1-0"]
[WhiteElo "1835"]
[BlackElo "1626"]
[PlyCount "84"]
[EventDate "2016.??.??"]
[WhiteTeam "SC Bad Königshofen"]
[BlackTeam "SK Schweinfurt"]

1. e4 e5 2. f4 d6 3. Nf3 Nc6 4. Bb5 Bd7 5. O-O Be7 6. d3 exf4 7. Bxf4 Nf6 8. c3
a6 9. Ba4 b5 10. Bc2 O-O 11. h3 h6 12. Nbd2 Re8 13. d4 Bf8 14. Qe2 g5 15. Be3
Bg7 16. Qf2 Re7 17. Nxg5 hxg5 18. Bxg5 Qf8 19. Bxf6 Bxf6 20. Qxf6 Re6 21. Qf3
Rh6 22. Rf2 Re8 23. Raf1 Nd8 24. d5 Re5 25. Qd3 Rg5 26. g4 Qg7 27. Rg2 Qh8 28.
Rf3 f6 29. Rfg3 Nf7 30. Nf3 Ne5 31. Nxe5 fxe5 32. Qe3 Qg7 33. Bd1 Qe7 34. Rf2
Rh7 35. Kg2 Rhg7 36. Qa7 Bc8 37. Qa8 Qd7 38. Be2 R5g6 39. a4 Kh7 40. axb5 axb5
41. Bxb5 Qxb5 42. Qxc8 Qc4 1-0